| 000 | 00537nam a2200193Ia 4500 | ||
|---|---|---|---|
| 005 | 20250508150521.0 | ||
| 008 | 008 250505s9999 xx 000 0 eng d | ||
| 037 | _aTextual | ||
| 040 |
_aFEDL _beng _cFEDL |
||
| 041 |
_aeng _2eng |
||
| 084 |
_a541.2, LUC _qFEDL |
||
| 100 |
_aLucas S _9756900 |
||
| 245 | 0 | _aModen ideas of the atom | |
| 260 |
_aLondon, UK _bGeorge G Harrap and Co Ltd. _c1947 |
||
| 300 | _a159p. | ||
| 490 | _aHarrap's technical monographs | ||
| 942 |
_cTEXL _h541.2, LUC |
||
| 999 |
_c1324020 _d1324020 |
||